Visual Basic 6 from the ground up /

Сохранить в:
Библиографические подробности
Главный автор: Cornell, Gary
Формат:
Опубликовано: Berkeley, Calif. : Osborne/McGraw-Hill, c1998.
Предметы:
Метки: Добавить метку
Нет меток, Требуется 1-ая метка записи!

MARC

LEADER 00000cam a2200000 a 4500
020 |a 0078825083  |c TZs.10000/- 
040 |a MUL  |b eng  |e AACR 
082 0 0 |a 005 COR 
100 1 |a Cornell, Gary. 
245 1 0 |a Visual Basic 6 from the ground up /  |c Gary Cornell. 
260 |a Berkeley, Calif. :  |b Osborne/McGraw-Hill,  |c c1998. 
300 |a xxvii, 932 p. :  |b ill ;  |c 24 cm. 
500 |a Includes index. 
505 |a Getting started The Visual Basic environment and help system Customizing a form and writing simple programs First steps in building the user interface First steps in programming Displaying information Controlling program flow Built-in functions Writing your own functions and procedures Organizing information via code Organizing information via controls Building larger projects VB objects and an introduction to object-oriented programming Finishing the interface Tools and techniques for testing, debugging, and optimization An introduction to graphics Monitoring mouse activity Basic file handling File system controls and file system objects Communicating with other Windows applications Recursion A survey of database development using Visual Basic Building your own ActiveX controls Visual Basic and the internet : building a special-purpose browser Visual Basic and the internet : VBScript and dynamic HTML Distributing your application : the package and deployment wizard 
546 |a eng 
650 0 |a BASIC (Computer program language) 
650 0 |a Visual Basic (Computer program language) 
942 |c BK 
999 |c 6718  |d 6718